000 00650 a2200205 4500
010 _aENG-85311
020 _a0070611823
_c250.00
035 _aEN-68844
037 _bD.B.Act / Pub
082 1 4 _a920.00904
090 _c2028
_d2028
100 1 _aHatch, Robert
245 1 _aThe hero project
_cby Robert Hatch and William Hatch
260 _aNew Delhi
_bTata Mcgrawhill Publishing
_c2006
270 _a7, West Patel Nagar
_bNew Delhi
_e110 008
300 _aix, 204 p.
_c23 cm. (Pbk.)
700 1 _aHatch, Wiliam
942 _adpl
_cEN
_k92000904 / HAT
999 _c1994
_d1994